000 00665nam a2200205 i 4500
001 184334
003 ES-MaACL
005 20250701063204.0
007 t|
008 150624s1905 sp r ||||1| spa d
080 _a821.134.2-94"18"
100 1 _aNombela, Julio,
_d1836-1919
_985930
245 1 0 _aCuadros y escenas de la comedia de la vida /
_cJulio Nombela.
260 _aMadrid :
_b[s.n.],
_c1905 (
_fAdministración de "La Ultima Moda")
300 _a322 p. ;
_c19 cm.
490 1 _aObras literarias de Julio Nombela ;
_v2
830 0 _aObras literarias de Julio Nombela ;
_v2
_9192120
852 _aES-MaACL
_jD-4176
999 _c184334
_d184334